| 000 | 00706nam a2200229 i 4500 | ||
|---|---|---|---|
| 001 | 146709 | ||
| 003 | ES-MaACL | ||
| 005 | 20250808085804.0 | ||
| 007 | t| | ||
| 008 | 070914s1984 lu ||||1| spa d | ||
| 020 | _a92-825-2656-9 | ||
| 080 | _a24(4)(04) | ||
| 245 | 0 | 0 | _aTreinta años de Derecho Comunitario. |
| 260 |
_aLuxemburgo : _bComisión de las Comunidades Europeas, _c1984. |
||
| 300 |
_aXXV, 536 p. ; _c25 cm. |
||
| 490 | 1 | _aColección Perspectivas Europeas | |
| 650 | 7 |
_aDerecho comunitario _2embne _911677 |
|
| 710 | 2 |
_aComisión Europea. _93143 |
|
| 830 | 0 |
_aColección Perspectivas Europeas _9220879 |
|
| 852 |
_aES-MaACL _jL-8907 _bR.110470 |
||
| 999 |
_c146709 _d146709 |
||